[Event "Specialiste op"]
[Site "Montreal CAN"]
[Date "1989.01.22"]
[Round "3"]
[White "Charest, Johanne"]
[Black "Muller, Alex"]
[Result "1-0"]
[WhiteElo "1458"]
[BlackElo "1543"]
[PlyCount "53"]
[GameId "2160767912519807"]
[EventDate "1989.01.21"]
[EventType "swiss"]
[EventRounds "4"]
[EventCountry "CAN"]

1. e4 d5 2. exd5 Qxd5 3. Nc3 Qd6 4. d4 c6 5. Nf3 Bf5 6. Bd3 Bg6 7. O-O Nd7 8. Re1 O-O-O 9. a4 e6 10. Rb1 a5 11. Ne2 Qc7 12. c3 Ngf6 13. b4 Nd5 14. bxa5 Qxa5 15. Qb3 Qc7 16. c4 Nb4 17. Bf4 e5 18. Nxe5 Nxe5 19. Bxe5 Qd7 20. Bxg6 fxg6 21. c5 Na6 22. Qb6 Qf7 23. Qa7 Nxc5 24. dxc5 Bxc5 25. Qb8+ Kd7 26. Rxb7+ Ke6 27. Nf4+ 1-0

[Event "Specialiste op"]
[Site "Montreal CAN"]
[Date "1989.01.22"]
[Round "4"]
[White "Giroux, Robert"]
[Black "Charest, Johanne"]
[Result "1-0"]
[WhiteElo "1698"]
[BlackElo "1458"]
[PlyCount "73"]
[GameId "2160767912519808"]
[EventDate "1989.01.21"]
[EventType "swiss"]
[EventRounds "4"]
[EventCountry "CAN"]

1. d4 d5 2. c4 c6 3. Nc3 Nf6 4. cxd5 cxd5 5. Nf3 Nc6 6. Bf4 Bf5 7. e3 a6 8. Ne5 Qb6 9. Qb3 Qxb3 10. axb3 Rc8 11. Bd3 Bxd3 12. Nxd3 e6 13. Ke2 Nb4 14. Rhc1 Nxd3 15. Kxd3 Bb4 16. Nxd5 Rxc1 17. Nxf6+ gxf6 18. Rxc1 O-O 19. Rc7 b6 20. Rb7 a5 21. Rxb6 Rc8 22. Rb8 Rxb8 23. Bxb8 Kf8 24. Kc4 Ke7 25. Ba7 Kd7 26. Kb5 Be1 27. f3 f5 28. Bb6 Bd2 29. e4 fxe4 30. fxe4 Bc1 31. Bxa5 Bxb2 32. Bb6 Kc8 33. Kc6 Ba3 34. Bc5 Bb2 35. b4 Bc1 36. b5 Bf4 37. Bd6 1-0

[Event "Spring op"]
[Site "Victoria CAN"]
[Date "1989.04.08"]
[Round "1"]
[White "Seedhouse, Ed"]
[Black "Myers, Dan E"]
[Result "1/2-1/2"]
[WhiteElo "1960"]
[BlackElo "1605"]
[PlyCount "68"]
[GameId "2160767912519554"]
[EventDate "1989.04.08"]
[EventType "swiss"]
[EventRounds "5"]
[EventCountry "CAN"]
[SourceTitle "EXT 2022"]
[Source "ChessBase"]
[SourceDate "2021.10.06"]
[SourceVersion "1"]
[SourceVersionDate "2021.10.06"]
[SourceQuality "1"]

1. e4 c5 2. Nf3 d6 3. d4 cxd4 4. Nxd4 Nf6 5. Nc3 a6 6. Be2 g6 7. Be3 Bg7 8. O-O Nc6 9. Nb3 O-O 10. f4 e6 11. Bf3 Qc7 12. Qd2 b5 13. Rad1 Rd8 14. Qf2 Rb8 15. Rd2 Qe7 16. e5 d5 17. exf6 Bxf6 18. Nd4 Bb7 19. Nxc6 Bxc6 20. Bd4 b4 21. Ne2 Bb5 22. Re1 Rdc8 23. Bxf6 Qxf6 24. Nd4 Qxf4 25. Qe3 Qf6 26. Be2 Bxe2 27. Rexe2 Rc7 28. Rf2 Qg7 29. Rde2 Re8 30. Qe5 Rec8 31. Qd6 Rc4 32. Qxa6 Qh6 33. a4 bxa3 34. Qxa3 Rxd4 1/2-1/2

[Event "Spring op"]
[Site "Victoria CAN"]
[Date "1989.04.08"]
[Round "2"]
[White "Basanta, Gary"]
[Black "Seedhouse, Ed"]
[Result "1-0"]
[WhiteElo "2300"]
[BlackElo "1960"]
[PlyCount "66"]
[GameId "2160767912519555"]
[EventDate "1989.04.08"]
[EventType "swiss"]
[EventRounds "5"]
[EventCountry "CAN"]
[SourceTitle "EXT 2022"]
[Source "ChessBase"]
[SourceDate "2021.10.06"]
[SourceVersion "1"]
[SourceVersionDate "2021.10.06"]
[SourceQuality "1"]

1. e4 e5 2. Nf3 Nc6 3. Bc4 Bc5 4. b4 Bxb4 5. c3 Ba5 6. d4 d6 7. Qb3 Qe7 8. d5 Nd4 9. Qa4+ Bd7 10. Qxa5 Nc2+ 11. Ke2 Nxa1 12. Na3 f5 13. Bg5 Nf6 14. exf5 Bxf5 15. Bxf6 Qxf6 16. Qb4 Bd7 17. Qb1 O-O 18. Rf1 e4 19. Nd4 Bg4+ 20. Ke1 Rae8 21. Qxa1 e3 22. f3 Qh4+ 23. Kd1 Qxh2 24. Kc2 Qxg2+ 25. Kb3 Bxf3 26. Rg1 Qh2 27. Ne6 Rf7 28. Nxc7 Qe5 29. Rg5 Qe4 30. Qg1 g6 31. Ne6 a6 32. Nd4 Bg4 33. Rxg4 Qe5 1-0

[Event "Spring op"]
[Site "Victoria CAN"]
[Date "1989.04.09"]
[Round "4"]
[White "Cronin, Kent"]
[Black "Seedhouse, Ed"]
[Result "1-0"]
[WhiteElo "1750"]
[BlackElo "1960"]
[PlyCount "79"]
[GameId "2160767912519558"]
[EventDate "1989.04.08"]
[EventType "swiss"]
[EventRounds "5"]
[EventCountry "CAN"]
[SourceTitle "EXT 2022"]
[Source "ChessBase"]
[SourceDate "2021.10.06"]
[SourceVersion "1"]
[SourceVersionDate "2021.10.06"]
[SourceQuality "1"]

1. e4 e5 2. Nf3 Nc6 3. Bc4 Bc5 4. d4 exd4 5. O-O Nf6 6. e5 d5 7. exf6 dxc4 8. Re1+ Be6 9. Ng5 Qd5 10. Nc3 Qf5 11. Nce4 O-O-O 12. g4 Qd5 13. fxg7 Rhg8 14. Nxe6 fxe6 15. Nxc5 Qxc5 16. Bh6 e5 17. Qf3 Ne7 18. Qf7 Ng6 19. Bg5 Rde8 20. h4 Qd6 21. h5 Ne7 22. Re2 Nc6 23. Qf5+ Kb8 24. h6 Qe6 25. Qxe6 Rxe6 26. Bd2 Rg6 27. g5 Kc8 28. Rae1 Kd7 29. f4 exf4 30. Bxf4 a6 31. Kh2 Rb8 32. Kh3 b5 33. Rf2 Nd8 34. Bc1 Ne6 35. Rf7+ Kd6 36. Rf6 Re8 37. Kh4 Kd7 38. Rxg6 hxg6 39. Rxe6 Kxe6 40. h7 1-0

[Event "Spring op"]
[Site "Victoria CAN"]
[Date "1989.04.09"]
[Round "4"]
[White "Seedhouse, Ed"]
[Black "McPherson, Tristram"]
[Result "1-0"]
[WhiteElo "1960"]
[BlackElo "1605"]
[PlyCount "49"]
[GameId "2160767912519560"]
[EventDate "1989.04.08"]
[EventType "swiss"]
[EventRounds "5"]
[EventCountry "CAN"]
[SourceTitle "EXT 2022"]
[Source "ChessBase"]
[SourceDate "2021.10.06"]
[SourceVersion "1"]
[SourceVersionDate "2021.10.06"]
[SourceQuality "1"]

1. e4 e6 2. d4 d5 3. e5 c5 4. c3 Nc6 5. Nf3 Qb6 6. a3 a5 7. Bd3 Bd7 8. Bc2 f6 9. O-O fxe5 10. dxe5 O-O-O 11. Nbd2 d4 12. Nc4 Qa7 13. a4 Be8 14. Qe2 Nge7 15. Ng5 Kd7 16. Qg4 Nf5 17. Bxf5 exf5 18. Qxf5+ Kc7 19. Ne6+ Kb8 20. Nxd8 Nxd8 21. e6 Nc6 22. Bf4+ Ka8 23. e7 Nxe7 24. Qe6 Bxa4 25. Nb6+ 1-0

[Event "Spring op"]
[Site "Victoria CAN"]
[Date "1989.04.09"]
[Round "5"]
[White "Craig, James"]
[Black "Seedhouse, Ed"]
[Result "0-1"]
[WhiteElo "1605"]
[BlackElo "1960"]
[PlyCount "74"]
[GameId "2160767912519561"]
[EventDate "1989.04.08"]
[EventType "swiss"]
[EventRounds "5"]
[EventCountry "CAN"]
[SourceTitle "EXT 2022"]
[Source "ChessBase"]
[SourceDate "2021.10.06"]
[SourceVersion "1"]
[SourceVersionDate "2021.10.06"]
[SourceQuality "1"]

1. d4 Nf6 2. Nf3 g6 3. Bg5 Bg7 4. Nbd2 h6 5. Bxf6 Bxf6 6. e4 d6 7. c3 O-O 8. Be2 Bg7 9. O-O Nd7 10. Qc2 e5 11. d5 f5 12. exf5 gxf5 13. h3 Kh8 14. c4 a5 15. a4 Nc5 16. Kh2 e4 17. Ng1 Be5+ 18. Kh1 Qf6 19. f3 e3 20. Ne4 fxe4 21. fxe4 Qg7 22. Rxf8+ Qxf8 23. Rf1 Qg7 24. Nf3 Bd7 25. Nxe5 Qxe5 26. Bf3 Bxa4 27. Qe2 Rf8 28. Kg1 Kg7 29. Qxe3 Qxb2 30. Bh5 Rxf1+ 31. Kxf1 Qf6+ 32. Kg1 Bd7 33. Qg3+ Kh7 34. Qe3 a4 35. Qe2 Qd4+ 36. Kh2 Qxe4 37. Qf2 Qe5+ 0-1

[Event "Ste-Therese op"]
[Site "Ste-Therese CAN"]
[Date "1989.11.25"]
[Round "1"]
[White "Nguyen, Dat"]
[Black "Charest, Johanne"]
[Result "1-0"]
[WhiteElo "1743"]
[BlackElo "1554"]
[PlyCount "131"]
[GameId "2160767912494160"]
[EventDate "1989.11.26"]
[EventType "swiss"]
[EventRounds "5"]
[EventCountry "CAN"]

1. e4 e5 2. Nf3 Nc6 3. d4 exd4 4. Nxd4 Bc5 5. Nxc6 Qf6 6. Qd2 dxc6 7. Bd3 Be6 8. O-O Ne7 9. Qg5 Qxg5 10. Bxg5 Ng6 11. c3 f6 12. Bd2 Ne5 13. Be2 Rd8 14. Bf4 Bd6 15. Nd2 Ng6 16. Be3 Bf4 17. Nf3 Bg4 18. Rad1 Bxe3 19. fxe3 Ke7 20. h3 Be6 21. Nd4 Bf7 22. Nf5+ Ke8 23. Nxg7+ Ke7 24. Nf5+ Ke8 25. b3 Be6 26. Ng7+ Ke7 27. Nxe6 Kxe6 28. Rd4 Rd6 29. b4 Ne5 30. Rf5 h6 31. Rh5 Rh7 32. Kf2 Rh8 33. Rh4 Ke7 34. Rh5 Ke6 35. g4 Rh7 36. Kg3 Ke7 37. h4 Rh8 38. Kh3 Rh7 39. g5 fxg5 40. Rxd6 g4+ 41. Bxg4 cxd6 42. Bf5 Rh8 43. Kg3 Nd3 44. Kf3 Nc1 45. a3 Na2 46. c4 Nc3 47. Bh3 Rf8+ 48. Rf5 Rg8 49. e5 dxe5 50. Rxe5+ Kd8 51. e4 Nb1 52. Ra5 Nd2+ 53. Kf4 Nxc4 54. Rxa7 Rf8+ 55. Bf5 Kc7 56. Ra4 Kb8 57. b5 cxb5 58. Rb4 Nxa3 59. Rb3 Nc4 60. Rxb5 Nd6 61. Re5 Rf6 62. Re6 Rxe6 63. Bxe6 b5 64. e5 Nc4 65. Bxc4 bxc4 66. Ke4 1-0

[Event "Ste-Therese op"]
[Site "Ste-Therese CAN"]
[Date "1989.11.26"]
[Round "1"]
[White "Manuri, Louise"]
[Black "Morin, Louis"]
[Result "0-1"]
[WhiteElo "1560"]
[BlackElo "1952"]
[PlyCount "52"]
[GameId "2160767912494162"]
[EventDate "1989.11.26"]
[EventType "swiss"]
[EventRounds "5"]
[EventCountry "CAN"]
[SourceTitle "hb 2013"]

1. d4 d5 2. c4 e6 3. Nc3 c5 4. Nf3 Nc6 5. e3 Nf6 6. Be2 cxd4 7. cxd5 dxc3 8. dxc6 Qxd1+ 9. Bxd1 cxb2 10. cxb7 bxa1=Q 11. bxa8=Q Qxc1 12. O-O Qc7 13. Ba4+ Ke7 14. Nd4 Bd7 15. Nc6+ Bxc6 16. Bxc6 g6 17. Rb1 Bg7 18. Qb7 Qxb7 19. Rxb7+ Kd6 20. Ba4 Rc8 21. Kf1 Rc7 22. Rb8 h5 23. Ke2 Ne4 24. Kf3 Nc5 25. Bc2 Nd7 26. Rb2 Bxb2 0-1

[Event "Ste-Therese op"]
[Site "Ste-Therese CAN"]
[Date "1989.11.25"]
[Round "2"]
[White "Charest, Johanne"]
[Black "Payette, Roger"]
[Result "1/2-1/2"]
[WhiteElo "1554"]
[BlackElo "1479"]
[PlyCount "117"]
[GameId "2160767912494164"]
[EventDate "1989.11.26"]
[EventType "swiss"]
[EventRounds "5"]
[EventCountry "CAN"]

1. e4 c5 2. Nf3 e6 3. d4 cxd4 4. Nxd4 a6 5. Be2 Qc7 6. Be3 Nf6 7. Nd2 d5 8. exd5 Nxd5 9. O-O Nxe3 10. fxe3 e5 11. N4f3 b5 12. Ne4 h6 13. Qd2 Be7 14. Ng3 O-O 15. Bd3 Rd8 16. Qf2 Nd7 17. Nh5 Nf6 18. Nh4 Be6 19. Nxf6+ Bxf6 20. Nf5 Kh8 21. Nxh6 Bg5 22. Nf5 g6 23. Nh4 Kg7 24. Nf3 Bh6 25. Nd2 f5 26. Rae1 Rf8 27. Qg3 Rac8 28. Rf2 e4 29. Qxc7+ Rxc7 30. Bf1 Rxc2 31. Nxe4 Rxf2 32. Nxf2 Rc8 33. a3 Rc2 34. Nd1 Rc1 35. Kf2 Bb3 36. Be2 Rc2 37. Kf1 Rd2 38. Kf2 Bg5 39. Rg1 Bc4 40. Nc3 Rxb2 41. Re1 Rc2 42. Nb1 Bf6 43. Kf3 Be5 44. Bxc4 bxc4 45. h3 Rb2 46. Rc1 g5 47. g3 Rb3 48. Nd2 g4+ 49. hxg4 fxg4+ 50. Kxg4 Rxe3 51. Nxc4 Rxg3+ 52. Kh4 Rc3 53. Rxc3 Bxc3 54. Kg5 Kf7 55. Kf5 Ke7 56. Ke4 Ke6 57. a4 a5 58. Kd3 Bb4 59. Ke4 1/2-1/2

[Event "Ste-Therese op"]
[Site "Ste-Therese CAN"]
[Date "1989.11.26"]
[Round "2"]
[White "Morin, Louis"]
[Black "Spraggett, Grant"]
[Result "0-1"]
[WhiteElo "1952"]
[BlackElo "2301"]
[PlyCount "80"]
[GameId "2160767912494165"]
[EventDate "1989.11.26"]
[EventType "swiss"]
[EventRounds "5"]
[EventCountry "CAN"]
[SourceTitle "hb 2013"]

1. e4 c6 2. d4 d5 3. Nc3 dxe4 4. Nxe4 Nf6 5. Nxf6+ gxf6 6. Bf4 Bf5 7. Ne2 Nd7 8. Ng3 Bg6 9. h4 h5 10. Qe2 Qa5+ 11. Qd2 Qa4 12. b3 Qa3 13. Bd3 Bxd3 14. Qxd3 O-O-O 15. O-O e6 16. Qe2 Bd6 17. Bxd6 Qxd6 18. Qe3 Nb6 19. Ne2 Nd5 20. Qf3 f5 21. c4 Ne7 22. c5 Qc7 23. Qg3 Qd7 24. f3 Rhg8 25. Qh2 Ng6 26. Kf2 Qe7 27. b4 Qf6 28. Rad1 f4 29. Rg1 e5 30. g3 fxg3+ 31. Qxg3 exd4 32. Qg5 Qe6 33. Nxd4 Qxa2+ 34. Rd2 Qd5 35. Qg3 Ne7 36. Qh3+ f5 37. Ra1 a6 38. Rdd1 Qe5 39. Ra2 Rxd4 40. Re1 Qf6 0-1

[Event "Ste-Therese op"]
[Site "Ste-Therese CAN"]
[Date "1989.11.26"]
[Round "3"]
[White "Grenier, Jean-Luc"]
[Black "Charest, Johanne"]
[Result "1-0"]
[WhiteElo "1699"]
[BlackElo "1554"]
[PlyCount "43"]
[GameId "2160767912494167"]
[EventDate "1989.11.26"]
[EventType "swiss"]
[EventRounds "5"]
[EventCountry "CAN"]

1. e4 e5 2. Nf3 Nc6 3. Bb5 a6 4. Bxc6 dxc6 5. O-O Bg4 6. h3 h5 7. d3 Bc5 8. Be3 Bd6 9. Nbd2 g6 10. c3 f5 11. Bg5 Be7 12. Bxe7 Qxe7 13. Qb3 b6 14. Rfe1 f4 15. d4 exd4 16. cxd4 O-O-O 17. Rac1 Kb7 18. Ne5 Rh7 19. Nxc6 Qg5 20. Nxd8+ Qxd8 21. hxg4 hxg4 22. Qd5+ 1-0

[Event "Ste-Therese op"]
[Site "Ste-Therese CAN"]
[Date "1989.11.26"]
[Round "3"]
[White "Morin, Louis"]
[Black "Forget, Luc"]
[Result "1-0"]
[WhiteElo "1952"]
[BlackElo "1820"]
[PlyCount "131"]
[GameId "2160767912494168"]
[EventDate "1989.11.26"]
[EventType "swiss"]
[EventRounds "5"]
[EventCountry "CAN"]
[SourceTitle "hb 2013"]

1. e4 e5 2. Nf3 Nc6 3. Nc3 Nf6 4. Bb5 d6 5. d4 Bd7 6. Bxc6 Bxc6 7. Qd3 Qe7 8. Bg5 h6 9. Bh4 exd4 10. Nxd4 g5 11. Nxc6 bxc6 12. Bg3 Bg7 13. O-O-O O-O 14. Rhe1 Nd7 15. Qc4 Rab8 16. Qxc6 Ne5 17. Bxe5 Bxe5 18. b3 Qe8 19. Qxe8 Rfxe8 20. Nd5 Rb7 21. g3 g4 22. c4 a5 23. Kc2 Kg7 24. Ne3 h5 25. h3 a4 26. hxg4 axb3+ 27. axb3 Ra8 28. Nf5+ Kf8 29. Nd4 hxg4 30. Kd3 Ra2 31. Re2 Ra3 32. Rb1 Rb4 33. Rc2 c5 34. Nb5 Raxb3+ 35. Rxb3 Rxb3+ 36. Ke2 Ke7 37. Rd2 Rf3 38. Rd3 Rf6 39. Ra3 Rh6 40. Ra7+ Kf8 41. Ra8+ Kg7 42. Ra6 Rf6 43. Nc7 Kh7 44. Nd5 Rf3 45. Ne3 Rxe3+ 46. Kxe3 Kg7 47. f4 gxf3 48. Kxf3 Kf6 49. Kg4 Kg6 50. Ra3 Kf6 51. Rf3+ Ke6 52. Kg5 Ba1 53. Rf5 Bg7 54. g4 Ke7 55. Kf4 Ke6 56. g5 Bb2 57. Ke3 Bd4+ 58. Kd3 Bb2 59. Kc2 Be5 60. Kb3 Ke7 61. Ka4 Bd4 62. Kb5 Ke6 63. Kc6 Ke7 64. Kd5 Bg7 65. e5 dxe5 66. Rxe5+ 1-0

[Event "Ste-Therese op"]
[Site "Ste-Therese CAN"]
[Date "1989.11.26"]
[Round "4"]
[White "Saint-Laurent, Luc"]
[Black "Charest, Johanne"]
[Result "1-0"]
[WhiteElo "1400"]
[BlackElo "1554"]
[PlyCount "109"]
[GameId "2160767912494170"]
[EventDate "1989.11.26"]
[EventType "swiss"]
[EventRounds "5"]
[EventCountry "CAN"]

1. e4 e5 2. Nf3 Nc6 3. Bb5 a6 4. Ba4 Nf6 5. O-O Be7 6. Re1 b5 7. Bb3 d6 8. c3 O-O 9. h3 Bb7 10. d4 Na5 11. Bc2 Re8 12. Nbd2 Bf8 13. Nf1 exd4 14. Qxd4 c5 15. Qd3 Bxe4 16. Qd2 Nc4 17. Qd1 Bxf3 18. Rxe8 Bxd1 19. Rxd8 Rxd8 20. Bxd1 Re8 21. Ne3 Nxe3 22. Bxe3 Nd5 23. Bd2 Nf6 24. Bf3 a5 25. a4 bxa4 26. Rxa4 Rb8 27. Bc1 Rb5 28. Be2 Rb7 29. Rxa5 Re7 30. Kf1 Re5 31. Ra6 Re7 32. Rxd6 Rxe2 33. Rxf6 Rxb2 34. Bxb2 gxf6 35. Ke2 c4 36. Ke3 Bc5+ 37. Ke4 Bxf2 38. Ba3 Kg7 39. Kd5 Kg6 40. Kxc4 Kf5 41. Kd5 Bb6 42. Bd6 Kg5 43. c4 f5 44. c5 Ba5 45. c6 f4 46. Ke4 f5+ 47. Kf3 h5 48. c7 Bxc7 49. Bxc7 Kg6 50. Bxf4 Kf6 51. Kg3 Kg7 52. Kh4 Kg6 53. g3 Kf7 54. Kxh5 Kf6 55. Kh6 1-0

[Event "Ste-Therese op"]
[Site "Ste-Therese CAN"]
[Date "1989.11.27"]
[Round "4"]
[White "Pepin, Christian"]
[Black "Morin, Louis"]
[Result "0-1"]
[WhiteElo "1903"]
[BlackElo "1952"]
[PlyCount "100"]
[GameId "2160767912494171"]
[EventDate "1989.11.26"]
[EventType "swiss"]
[EventRounds "5"]
[EventCountry "CAN"]
[SourceTitle "hb 2013"]

1. e4 e5 2. Nf3 d6 3. d4 Nf6 4. Nc3 Nbd7 5. h3 Be7 6. Bc4 c6 7. a4 O-O 8. O-O Qc7 9. Re1 b6 10. d5 Bb7 11. Bg5 Rac8 12. dxc6 Bxc6 13. Nd5 Bxd5 14. Bxd5 Qxc2 15. Rc1 Qxd1 16. Rexd1 h6 17. Bxf6 Nxf6 18. Bc6 Rc7 19. b4 Rfc8 20. b5 Nxe4 21. Ra1 Nc5 22. Nd2 Rd8 23. a5 bxa5 24. Rxa5 a6 25. Ne4 axb5 26. Nxc5 Rxc6 27. Nb7 Rd7 28. Rxb5 f6 29. Nc5 Rdc7 30. Ne6 Rc8 31. Rb7 Rc1 32. Rxc1 Rxc1+ 33. Kh2 Kf7 34. Nxg7 Kxg7 35. Rxe7+ Kg6 36. g4 d5 37. h4 h5 38. g5 Rc6 39. Kg2 Rd6 40. gxf6 Kxf6 41. Rh7 Kg6 42. Re7 Kf5 43. f3 d4 44. Kf2 d3 45. Ke1 d2+ 46. Kd1 Kf4 47. Rf7+ Ke3 48. Rf5 e4 49. Re5 Kxf3 50. Rxh5 e3 0-1

[Event "Summer Rust Remover"]
[Site "St. John's CAN"]
[Date "1989.??.??"]
[Round "?"]
[White "Morrissey, Leonard"]
[Black "Locke, Cameron"]
[Result "0-1"]
[WhiteElo "1925"]
[BlackElo "2117"]
[PlyCount "44"]
[GameId "2160767912519982"]
[EventDate "1989.??.??"]
[EventType "tourn"]
[EventRounds "6"]
[EventCountry "CAN"]
[SourceTitle "CFC 1989.10"]

1. e4 e6 2. d4 d5 3. e5 c5 4. Nf3 Nc6 5. Bd3 Qb6 6. O-O Bd7 7. c3 f6 8. dxc5 Bxc5 9. Qe2 fxe5 10. Nxe5 Nxe5 11. Qxe5 Nf6 12. b4 Bxf2+ 13. Kh1 O-O 14. a4 Ne4 15. a5 Qd8 16. Bxe4 dxe4 17. Qxe4 Bc6 18. Qxe6+ Kh8 19. Qe2 Qh4 20. Nd2 Rae8 21. Qd1 Bg3 22. h3 Qxh3+ 0-1

[Event "Toronto"]
[Site "Toronto CAN"]
[Date "1989.??.??"]
[Round "1"]
[White "Day, Lawrence"]
[Black "Vranesic, Zvonko"]
[Result "1-0"]
[WhiteElo "2380"]
[BlackElo "2365"]
[PlyCount "113"]
[GameId "2160767912519730"]
[EventDate "1989.03.??"]
[EventType "tourn"]
[EventRounds "11"]
[EventCountry "CAN"]
[EventCategory "8"]
[SourceTitle "EXT 1997"]
[Source "ChessBase"]
[SourceDate "1996.11.15"]
[SourceVersion "1"]
[SourceVersionDate "1996.11.15"]
[SourceQuality "1"]

1. d4 Nf6 2. Nf3 e6 3. Bg5 d5 4. e3 Be7 5. Nbd2 Nbd7 6. Bd3 c5 7. c3 b6 8. Qb1 a5 9. O-O Ba6 10. Bxf6 Bxf6 11. Bxa6 Rxa6 12. Qd3 c4 13. Qe2 b5 14. e4 O-O 15. Rfe1 Rb6 16. exd5 exd5 17. Nf1 Re6 18. Qc2 Rfe8 19. Rxe6 Rxe6 20. Ne3 Nb6 21. Nd2 Bg5 22. Ndf1 Bxe3 23. Nxe3 Qg5 24. Rb1 a4 25. b3 axb3 26. axb3 Qg6 27. Qxg6 hxg6 28. bxc4 bxc4 29. Kf1 Kf8 30. Rb5 Rd6 31. Ke1 Ke8 32. Ra5 Kd7 33. Ra7+ Ke6 34. h4 Nd7 35. Kd2 Nf6 36. f3 Nd7 37. Ra8 f5 38. Ra7 Kf6 39. g4 Ke6 40. g5 Ke7 41. Ng2 Rb6 42. Kc2 Re6 43. Nf4 Re1 44. Kd2 Rh1 45. Ra6 Kf7 46. Nxd5 Rxh4 47. Rc6 Rh5 48. Rc7 Ke8 49. f4 Rh2+ 50. Kc1 Rf2 51. Rxc4 Kf7 52. Rc7 Ke6 53. c4 Kd6 54. Ra7 Nf8 55. Ra6+ Kd7 56. c5 Ne6 57. Rd6+ 1-0

[Event "Toronto"]
[Site "Toronto CAN"]
[Date "1989.??.??"]
[Round "3"]
[White "Findlay, Ian"]
[Black "Kovacevic, Vlatko"]
[Result "0-1"]
[WhiteElo "2340"]
[BlackElo "2545"]
[PlyCount "78"]
[GameId "2160767912519735"]
[EventDate "1989.03.??"]
[EventType "tourn"]
[EventRounds "11"]
[EventCountry "CAN"]
[EventCategory "8"]
[SourceTitle "EXT 1997"]
[Source "ChessBase"]
[SourceDate "1996.11.15"]
[SourceVersion "1"]
[SourceVersionDate "1996.11.15"]
[SourceQuality "1"]

1. e4 Nf6 2. e5 Nd5 3. d4 d6 4. Nf3 Bg4 5. Be2 c6 6. O-O Bxf3 7. Bxf3 dxe5 8. dxe5 e6 9. Qe2 Nd7 10. c4 Ne7 11. Bf4 Ng6 12. Bg3 Qa5 13. Re1 Bb4 14. Nc3 Bxc3 15. bxc3 O-O 16. Qe3 Rfd8 17. h4 Nc5 18. Rad1 Ne7 19. Bg4 h6 20. Rd6 Rd7 21. h5 Nc8 22. Rd4 Nb6 23. f4 Qxa2 24. f5 Nxc4 25. Qf4 Nb6 26. Rxd7 Nbxd7 27. Rd1 exf5 28. Bxf5 Nf8 29. Qg4 Nce6 30. Bh4 Qa5 31. Bf6 Qxc3 32. Kh2 Qe3 33. g3 Kh8 34. Be7 Qxe5 35. Rd2 Ng5 36. Bd6 Qe3 37. Bf4 Qf3 38. Qh4 Re8 39. Bg4 Qc3 0-1

[Event "Toronto"]
[Site "Toronto CAN"]
[Date "1989.??.??"]
[Round "3"]
[White "Norwood, David"]
[Black "Day, Lawrence"]
[Result "1/2-1/2"]
[WhiteElo "2430"]
[BlackElo "2380"]
[PlyCount "121"]
[GameId "2160767912519736"]
[EventDate "1989.03.??"]
[EventType "tourn"]
[EventRounds "11"]
[EventCountry "CAN"]
[EventCategory "8"]
[SourceTitle "EXT 1997"]
[Source "ChessBase"]
[SourceDate "1996.11.15"]
[SourceVersion "1"]
[SourceVersionDate "1996.11.15"]
[SourceQuality "1"]

1. d4 Nf6 2. Nf3 d6 3. Nbd2 Bf5 4. Nh4 Bd7 5. Nhf3 Bf5 6. g3 Qc8 7. h3 Nc6 8. c3 e5 9. d5 Ne7 10. e4 Bd7 11. Qb3 Rb8 12. c4 Ng6 13. Qe3 c5 14. dxc6 bxc6 15. Bg2 Be7 16. O-O Bxh3 17. Qxa7 Bxg2 18. Kxg2 Bd8 19. Qa3 c5 20. Rh1 h5 21. Ng5 Ng4 22. Nh3 Ne7 23. Qd3 Nc6 24. f3 Nb4 25. Qe2 Nf6 26. Nf1 Nc6 27. Ne3 Nd4 28. Qd3 Qa6 29. Nf2 g6 30. Nc2 Nd7 31. b3 Nf8 32. Nxd4 cxd4 33. c5 Qc6 34. cxd6 Qxd6 35. a4 Qe6 36. a5 Rxb3 37. Qd1 Nd7 38. a6 Rb8 39. g4 f5 40. a7 Ra8 41. Qd3 fxg4 42. fxg4 Bb6 43. Bg5 O-O 44. gxh5 Nc5 45. Qg3 Rxf2+ 46. Qxf2 Qg4+ 47. Qg3 Qxe4+ 48. Kh2 Rxa7 49. Rxa7 Bxa7 50. h6 Bb8 51. Rf1 Qb7 52. Rf6 Ne4 53. Rxg6+ Kh7 54. Rg7+ Qxg7 55. hxg7 Nxg3 56. Kxg3 e4+ 57. Kg4 Kxg7 58. Kf5 e3 59. Bf6+ Kh6 60. Bxd4 e2 61. Bc3 1/2-1/2

[Event "Toronto"]
[Site "Toronto CAN"]
[Date "1989.??.??"]
[Round "4"]
[White "Stone, Raymond"]
[Black "Findlay, Ian"]
[Result "1-0"]
[WhiteElo "2345"]
[BlackElo "2340"]
[PlyCount "73"]
[GameId "2160767912519740"]
[EventDate "1989.03.??"]
[EventType "tourn"]
[EventRounds "11"]
[EventCountry "CAN"]
[EventCategory "8"]
[SourceTitle "EXT 1997"]
[Source "ChessBase"]
[SourceDate "1996.11.15"]
[SourceVersion "1"]
[SourceVersionDate "1996.11.15"]
[SourceQuality "1"]

1. d4 Nf6 2. c4 c5 3. d5 a6 4. a4 e6 5. Nc3 exd5 6. cxd5 d6 7. Nf3 g6 8. Nd2 Bg7 9. Nc4 O-O 10. Bf4 Nbd7 11. Bxd6 Re8 12. Bg3 Ne4 13. Nxe4 Rxe4 14. e3 Nb6 15. Rc1 Nxd5 16. Be2 Re7 17. Bd6 Be6 18. Bxe7 Qxe7 19. a5 Rd8 20. Qa4 Bd7 21. Qa3 Bc6 22. O-O Nf4 23. exf4 Qxe2 24. Ne5 Bxe5 25. fxe5 Rd2 26. Qg3 Rd3 27. Qg5 h6 28. Qf6 Qg4 29. f3 Qd4+ 30. Kh1 Rd2 31. Qe7 Bd5 32. Rxc5 Qf2 33. Qd8+ Kh7 34. Rg1 Qxf3 35. Rxd5 Qxd5 36. Qf6 Rxb2 37. e6 1-0

[Event "Toronto"]
[Site "Toronto CAN"]
[Date "1989.??.??"]
[Round "5"]
[White "Findlay, Ian"]
[Black "Bailey, Doug"]
[Result "1-0"]
[WhiteElo "2340"]
[BlackElo "2355"]
[PlyCount "84"]
[GameId "2160767912519741"]
[EventDate "1989.03.??"]
[EventType "tourn"]
[EventRounds "11"]
[EventCountry "CAN"]
[EventCategory "8"]
[SourceTitle "EXT 1997"]
[Source "ChessBase"]
[SourceDate "1996.11.15"]
[SourceVersion "1"]
[SourceVersionDate "1996.11.15"]
[SourceQuality "1"]

1. e4 c5 2. Nf3 d6 3. d4 cxd4 4. Nxd4 Nf6 5. Nc3 g6 6. Be2 Bg7 7. O-O O-O 8. Bg5 Nc6 9. Nb3 Be6 10. Kh1 h6 11. Bh4 g5 12. Bg3 d5 13. Nc5 d4 14. Nb5 Bc8 15. Bc7 Qe8 16. Bg3 Qd8 17. f3 e5 18. c4 Nh5 19. Qd2 Qe7 20. Nd3 Be6 21. c5 a6 22. Nd6 a5 23. Rfc1 b6 24. Nb5 Rab8 25. cxb6 Rxb6 26. Nc5 Rfb8 27. Na4 Rxb5 28. Bxb5 Rxb5 29. Rxc6 Nxg3+ 30. hxg3 g4 31. Rac1 Qf6 32. Qe2 Qg5 33. Qxb5 gxf3 34. Qf1 h5 35. Qxf3 h4 36. g4 Bxg4 37. Rc8+ Kh7 38. Qxf7 Bxc8 39. Rxc8 d3 40. Qg8+ Kh6 41. Rc6+ Kh5 42. Qf7+ Kg4 1-0